Normal view
MARC view
- Accounting
Entry Topical Term
001 - CONTROL NUMBER
- control field: 743
003 - CONTROL NUMBER IDENTIFIER
- control field: JO-AjAnu
005 - DATE AND TIME OF LATEST TRANSACTION
- control field: 20230606070427.0
008 - FIXED-LENGTH DATA ELEMENTS
- fixed length control field: 230606|| aca||aabn | a|a d
040 ## - CATALOGING SOURCE
- Original cataloging agency: JO-AjAnu
- Transcribing agency: JO-AjAnu
150 ## - HEADING--TOPICAL TERM
- Topical term or geographic name entry element: Accounting
670 ## - SOURCE DATA FOUND
- Source citation: Work cat.: (JO-AjAnu)390: Maheshwari,S N/Maheshwari,S K, author 742, Fundamentals of Accounting for CPT Common Proficiency Test of the Institute of Chartered Accountants of India